00605nam a2200181 i 450000100060000000300090000600500170001500700030003200800410003510000260007624501800010226000420028230000260032470000180035070000170036870000170038585200210040281654ES-MaACL20230906174501.0t|041105s1907 xxk ||||1| eng d1 aHuxley, Thomas Henry.12aA course of elementary instruction in pratical Biology / cby Thomas Henry Huxley ; assisted by H.M. Martin , revised edition extended and edited by G.B. Howes and D.H. Scott. aLondon : bMacmillan and CÂș, c1907. aXI, 512 p. ; c19 cm.1 aMartin, H. M.1 aHowes, G. B.1 aScott, D. H. aES-MaACLjE-1132